<?xml version="1.0" encoding="UTF-8"?>
<record
    xmlns:xsi="http://www.w3.org/2001/XMLSchema-instance"
    xsi:schemaLocation="http://www.loc.gov/MARC21/slim http://www.loc.gov/standards/marcxml/schema/MARC21slim.xsd"
    xmlns="http://www.loc.gov/MARC21/slim">

  <leader>00554nam a2200145Ia 4500</leader>
  <controlfield tag="008">220326s9999||||xx |||||||||||||| ||und||</controlfield>
  <datafield tag="020" ind1=" " ind2=" ">
    <subfield code="a">979-3451-10-6</subfield>
  </datafield>
  <datafield tag="084" ind1=" " ind2=" ">
    <subfield code="a">10200 HUS Gov Bo.2a</subfield>
  </datafield>
  <datafield tag="100" ind1=" " ind2=" ">
    <subfield code="a">Dr. H. La Ode Husen, S.H., M.H</subfield>
  </datafield>
  <datafield tag="245" ind1=" " ind2="0">
    <subfield code="a">Hubungan Fungsi Pengawasan Dewan Perwakilan Rakyat Dengan Badan Pemeriksa Keuangan Dalam Sistem Ketatanegaraan Indonesia</subfield>
  </datafield>
  <datafield tag="260" ind1=" " ind2=" ">
    <subfield code="a">Bandung</subfield>
    <subfield code="b">CV. Utama</subfield>
    <subfield code="c">2005</subfield>
  </datafield>
  <datafield tag="300" ind1=" " ind2=" ">
    <subfield code="a">viii + 300 halaman</subfield>
  </datafield>
  <datafield tag="650" ind1=" " ind2=" ">
    <subfield code="a">Government (Pemerintahan)</subfield>
    <subfield code="e">G-O-V</subfield>
    <subfield code="y">Fungsi Pengawasan DPR Dengan BPK Dlm Ketatanegaran</subfield>
  </datafield>
  <datafield tag="942" ind1=" " ind2=" ">
    <subfield code="c">BK</subfield>
  </datafield>
  <datafield tag="999" ind1=" " ind2=" ">
    <subfield code="c">12876</subfield>
    <subfield code="d">12876</subfield>
  </datafield>
  <datafield tag="952" ind1=" " ind2=" ">
    <subfield code="0">0</subfield>
    <subfield code="1">0</subfield>
    <subfield code="4">0</subfield>
    <subfield code="7">0</subfield>
    <subfield code="a">PINL</subfield>
    <subfield code="b">PINL </subfield>
    <subfield code="c">SHELF</subfield>
    <subfield code="d">2022-03-26</subfield>
    <subfield code="g">10.00</subfield>
    <subfield code="l">0</subfield>
    <subfield code="o">10200 HUS Gov Bo.2a</subfield>
    <subfield code="p">1020001</subfield>
    <subfield code="r">2022-03-26</subfield>
    <subfield code="w">2022-03-26</subfield>
    <subfield code="y">BK</subfield>
  </datafield>
</record>
